Magyarország szomszédainak zászlói – hirtelen halál - Statistics

General Stats
  • This quiz has been taken 37 times
  • The average score is 6 of 7
Answers on the Grid
Answers color-coded by a green-red scale on the quiz's grid according to % correct below.
 
Answer Stats
Answer % Correct
95%
91%
86%
86%
86%
82%
77%
No matching quizzes found
Score Distribution
Percent of People with Each Score
Percentile by Number Answered
Your Score History
You have not taken this quiz